Capital Citys Sudden Death - Statistics

General Stats
  • This quiz has been taken 66 times
  • The average score is 16 of 21
Answers on the Grid
Answers color-coded by a green-red scale on the quiz's grid according to % correct below.
Ankara
Bangkok
Dublin
Helsinki
London
Monrovia
Omsk
Sao paulo
Sydney
Tunis
Athens
Belmopan
Falllujah
Jos
Bogota
Manila
Moskow
Oslo
Seoul
Tbilissi
Turin
Auckland
Free Town
Lagos
Marrakesh
Mumbei
Porto
Split
Tijuana
Vienna
Baghdad
Cape Town
Hamburg
Leeds
Nairobi
Rome
 
Answer Stats
Answer % Correct
Dublin
98%
Helsinki
93%
London
93%
Bangkok
89%
Oslo
87%
Ankara
85%
Athens
80%
Rome
80%
Seoul
78%
Moskow
76%
Vienna
74%
Baghdad
72%
Tunis
72%
Nairobi
70%
Bogota
67%
Manila
65%
Cape Town
61%
Monrovia
59%
Tbilissi
59%
Belmopan
57%
Free Town
50%
No matching quizzes found
Score Distribution
Percent of People with Each Score
Percentile by Number Answered
Your Score History
You have not taken this quiz